[Event "Montreal Pere Noel U1800"]
[Site "Montreal"]
[Date "2016.12.27"]
[Round "2.15"]
[White "Molloy, Francis"]
[Black "Legault, Simon"]
[Result "1/2-1/2"]
[WhiteElo "1536"]
[BlackElo "1387"]
[PlyCount "105"]
[EventDate "2016.12.26"]
[EventType "swiss"]
[EventRounds "5"]
[EventCountry "CAN"]
[SourceTitle "EXT 2022"]
[Source "ChessBase"]
[SourceDate "2021.10.06"]
[SourceVersion "1"]
[SourceVersionDate "2021.10.06"]
[SourceQuality "1"]

1. Nf3 d5 2. d4 Nf6 3. c4 c6 4. e3 e6 5. b3 Be7 6. Bd3 0-0 7. 0-0 Nbd7 8. Nbd2 Ne8 9. Qc2 f5 10. Bb2 Nd6 11. Ne1 Bg5 12. Ndf3 Ne4 13. Nxg5 Qxg5 14. Ba3 Rf6 15. Be7 Qh6 16. Bxf6 Ndxf6 17. h3 Ng5 18. f4 Nge4 19. Nf3 Bd7 20. Qc1 Ng3 21. Re1 Rf8 22. Ne5 Be8 23. Qa3 Qh4 24. Nf3 Qh6 25. Ng5 Nfe4 26. Bxe4 fxe4 27. Qe7 Nf5 28. Qxe6+ Qxe6 29. Nxe6 Rf6 30. cxd5 cxd5 31. Nc5 b6 32. Na4 Rg6 33. Rac1 Nh4 34. Re2 Bd7 35. Kh1 Nf5 36. Kh2 h5 37. Nb2 Ng3 38. Rf2 h4 39. a4 Rf6 40. Kg1 a6 41. Rfc2 b5 42. Kf2 g5 43. Kg1 gxf4 44. Rf2 f3 45. gxf3 exf3 46. Kh2 Ne4 47. Rfc2 f2 48. Rf1 Rf3 49. Kg2 Rg3+ 50. Kh2 Rxh3+ 51. Kg2 Rg3+ 52. Kh2 Rf3 53. Nd1 1/2-1/2

[Event "Quebec op U1700"]
[Site "Montreal"]
[Date "2016.07.26"]
[Round "5.14"]
[White "Legault, Simon"]
[Black "Perusse, Jacques"]
[Result "0-1"]
[WhiteElo "1399"]
[BlackElo "1522"]
[PlyCount "62"]
[EventDate "2016.07.23"]
[EventType "swiss"]
[EventRounds "8"]
[EventCountry "CAN"]
[SourceTitle "EXT 2022"]
[Source "ChessBase"]
[SourceDate "2021.10.06"]
[SourceVersion "1"]
[SourceVersionDate "2021.10.06"]
[SourceQuality "1"]

1. e4 d5 2. exd5 Nf6 3. d4 Nxd5 4. Nf3 g6 5. c4 Nb6 6. Be3 Bg7 7. Be2 c5 8. Nc3 cxd4 9. Bxd4 0-0 10. Bxg7 Kxg7 11. Qd4+ f6 12. Rd1 Bd7 13. c5 e5 14. Qd2 Nc8 15. Qd5 Qc7 16. 0-0 Bc6 17. Qb3 a6 18. Nd5 Bxd5 19. Rxd5 Ne7 20. Rd2 Nbc6 21. Rfd1 Rfd8 22. Rd6 Nf5 23. R6d2 Ncd4 24. Nxd4 Nxd4 25. Qe3 Qxc5 26. Bf1 Rd6 27. f4 Nf3+ 28. Kf2 Rxd2+ 29. Rxd2 Qxe3+ 30. Kxe3 Nxd2 31. Kxd2 exf4 0-1